| 000 | 01190nam a22002537a 4500 | ||
|---|---|---|---|
| 005 | 20120112143825.0 | ||
| 008 | 120112t xxu||||| |||| 00| 0 mar d | ||
| 010 | _aMAR-22110 | ||
| 020 |
_c400.00 _a818700066x |
||
| 035 | _aMR-14768 | ||
| 037 | _bDBAD/PUB | ||
| 040 |
_aDPL _bMR |
||
| 082 | _a891.463 | ||
| 100 |
_939079 _aक्षेत्रमाडे, सुमती |
||
| 245 |
_aयुगंधरा / _cसुमती क्षेत्रमाडे |
||
| 246 |
_aYugandhara _bby Sumati Kshetramade |
||
| 260 |
_aकोल्हापूर _bमीनल प्रकाशन _c2011 |
||
| 270 |
_a2618,ए,देशपांडे गल्ली,श्री महालश्क्ष्मीसदन,2रा मजला _bकोल्हापूर _e416012 |
||
| 300 |
_aदहा,475पृ _c21सेमी(सजिल्द) |
||
| 650 |
_aमराठी कादंबरी _947246 |
||
| 650 |
_aMarathi Fiction _947247 |
||
| 942 |
_2ddc _cMR _mभागव _h891.463 |
||
| 999 |
_c66776 _d66776 |
||